Score 0/16 Timer 01:00
2 Plays Today
% Correct
Superman
96.7%
Luke Skywalker
96.3%
Frankenstein's Monster
96%
Robocop
96%
Freddy Krueger
95.4%
Albus Dumbledore
94.8%
Buddy the Elf
94.6%
Matilda
94.4%
% Correct
Babe
94.3%
Doc Brown
94%
Trinity
88.5%
Elizabeth Swann
87.3%
Silent Bob
86.6%
Andy Dufresne
86.5%
Clark Griswold
85.3%
Amy Dunne
79%
Remove Ads.
Support Sporcle.
Get the best of Sporcle when you Go Orange. This ad-free experience offers more features, more stats, and more fun while also helping to support Sporcle. Thank you for becoming a member.

You're not logged in!

Compare scores with friends on all Sporcle quizzes.
OR
Log In

Show Comments

Extras

Top Quizzes Today


Score Distribution

Your Account Isn't Verified!

In order to create a playlist on Sporcle, you need to verify the email address you used during registration. Go to your Sporcle Settings to finish the process.

Report this User

Report this user for behavior that violates our Community Guidelines.

Details: